• 首页
  • 本馆介绍
  • 公告通知
  • 最新文献
  • 馆藏检索
  • 电子资源
  • 读者导购
  • 参考咨询
  • 我的图书馆
  • 登录
  • 详细信息显示
  • 放入我的书架
  • 预约/预借图书
  • 作者相关作品
  • 分类相关作品
  • 丛书相关作品
  • 出版社相关作品

书目信息

  • 表格格式
  • 工作单格式
  • 卡片格式
题名:
人工智能与大数据技术导论
    
 
作者: 杨正洪 , 郭良越 , 刘玮 著
分册:  
出版信息: 北京   清华大学出版社  2019
页数: 13,472页
开本: 26cm
丛书名:
单 册:
中图分类: TP18 , TP274
科图分类:
主题词: 人工智能 , 数据处理
电子资源:
ISBN: 978-7-302-51798-6
000 00988nam0 2200265 450
001 2236000551
005 20221001100014.07
010    @a978-7-302-51798-6@dCNY98.00
100    @a20190406d2019 em y0chiy50 ea
101 0  @achi
102    @aCN@b110000
105    @aa z 000yy
200 1  @a人工智能与大数据技术导论@9ren gong zhi neng yu da shu ju ji shu dao lun@f杨正洪,郭良越,刘玮著
210    @a北京@c清华大学出版社@d2019
215    @a13,472页@c图@d26cm
330    @a本书共分16章,内容包括人工智能概述、AI产业、数据、机器学习概述、模型、机器学习算法、深度学习、TensorFlow、神经网络、知识图谱、数据挖掘,以及银行业、医疗、公安、工农业等行业人工智能应用情况。附录给出了极有参考价值的大数据与人工智能产业参考资料。
606 0  @a人工智能
606 0  @a数据处理
690    @aTP18@v5
690    @aTP274@v5
701  0 @a杨正洪@9yang zheng hong@4著
701  0 @a郭良越@9guo liang yue@4著
701  0 @a刘玮@9Liu Wei@4著
801  0 @aCN@b91MARC@c20190406
905    @aZUCC@dTP18@e115
    
    人工智能与大数据技术导论/杨正洪,郭良越,刘玮著.-北京:清华大学出版社,2019
    13,472页:图;26cm
    
    
    ISBN 978-7-302-51798-6:CNY98.00
    本书共分16章,内容包括人工智能概述、AI产业、数据、机器学习概述、模型、机器学习算法、深度学习、TensorFlow、神经网络、知识图谱、数据挖掘,以及银行业、医疗、公安、工农业等行业人工智能应用情况。附录给出了极有参考价值的大数据与人工智能产业参考资料。
●
相关链接 在五车中查询图书 在当当中查询图书 在豆瓣中查询图书


正题名:人工智能与大数据技术导论     索取号:TP18/115         预约/预借

序号 登录号 条形码 馆藏地/架位号 状态 备注
1 2000909989   2000909989   第三书库/ [索取号:TP18/115] 在馆    
2 2000909990   2000909990   第三书库/ [索取号:TP18/115] 在馆    
3 2000909991   2000909991   第三书库/ [索取号:TP18/115] 在馆    
山东省滨州职业学院图书馆 欢迎您!
大连网信软件有限公司© 版权所有